Veda ako sociokultúrna praktika

Bibliographic Details
Main Author: Višňovský, Emil, 1956- (Author)
Format: Book
Language:Slovak
PhysicalDescription:246 strán 21 cm
Published: V Bratislave Univerzita Komenského v Bratislave 2019
ISBN:9788022347655
Edition:1. vydanie
Subjects:

MARC

LEADER 00000cam a2200000 4500
001 vtls011899009
003 SK-MaSNL
005 20260301052231.0
008 210701s2019 xo grn 011 0 slo
015 |a SNBA2020/06 
020 |a 9788022347655  |q (brožované) 
035 |a urn:nbn:sk:snk-am00ffmg 
035 |a urn:nbn:sk:snk-am3is01 
035 |a D77939C5-6970-4F05-A3C7-02D770F895C7 
040 |a SNK  |b slo  |c SNK  |e rda 
041 0 |a slo 
044 |a xo  |c SK 
072 7 |a 00  |x Veda. Všeobecnosti. Základy vedy a kultúry. Vedecká práca  |2 konspekt 
080 |a 001:316.3  |2 2011 
080 |a 001.11  |2 2011 
080 |a (048.8)  |2 2011 
080 |a 316.74:001  |2 2011 
100 1 |a Višňovský, Emil,  |d 1956-  |4 aut  |9 108257 
245 1 0 |a Veda ako sociokultúrna praktika  |c Emil Višňovský 
250 |a 1. vydanie 
264 1 |a V Bratislave  |b Univerzita Komenského v Bratislave  |c 2019 
300 |a 246 strán  |c 21 cm 
336 |a text  |b txt  |2 rdacontent 
337 |a bez média  |b n  |2 rdamedia 
338 |a zväzok  |b nc  |2 rdacarrier 
366 |e 200 kusov 
500 |a Obsahuje poznámky pod čiarou 
504 |a Obsahuje bibliografiu na strane 215-237 ; menný register na strane 240-246 
650 0 7 |a veda a spoločnosť  |2 SNKPH  |9 66939 
650 0 7 |a filozofia vedy  |2 SNKPH  |9 808 
650 0 7 |a sociológia vedy  |2 SNKPH  |9 1019 
650 0 7 |a Science and civilization  |2 SNKPH  |9 319228 
650 0 7 |a Philosophy of science  |2 SNKPHeng  |9 324157 
650 0 7 |a Sociology of science  |2 SNKPHeng  |9 360747 
655 7 |a monografie  |2 SNKPH  |9 70139 
655 7 |a Monographs  |2 SNKPHeng  |9 120675 
752 |a Slovensko  |d Bratislava 
919 |a 978-80-223-4765-5 
958 |a OND 
958 |a NB 
999 |c 605343  |d 607273 
952 |a SNK  |b SNK  |y PREZ  |7 0  |p 17A1413026  |o snkSC 187204  |i snk2019/32209  |8 0  |0 0  |1 0  |4 0  |d 2019-12-16  |f 1  |l 0  |r 2026-02-23 16:06:52  |w 2026-02-23 
952 |a SNK  |b SNK  |y VYP  |7 0  |p 17A1413027  |o snkSC 187204 D1  |i snk2019/32210  |8 0  |0 0  |1 0  |4 0  |d 2019-12-16  |l 0  |r 2026-02-23 16:06:52  |w 2026-02-23